000 00380nam a2200133 a 4500
001 000030114
005 20200930060044.0
008 110429s2007 dr 000 0 spa d
040 _aDO-SdBNP
_bspa
_cBNPHU
082 _axxx
_bxxxx
245 1 0 _aFeria Internacional del Libro Santo Domingo.
260 _aSanto Domingo :
_bSecretaría de Estado de Cultura :,
_c2007.
049 _aBNPD
999 _c29606
_d29606